000
00266nam a22001217a 4500
008
181107b xxu||||| |||| 00| 0 eng d
041
_a
eng
080
_2
5 TH
_a
610
100
_a
3
101
_a
SHM
245
_a
Physical Rehabilation
_c
Susan,B.S
942
_2
udc
_c
BK
999
_c
52134
_d
52134